Normal view
MARC view
- MECHANICAL ENGINEERING-HANDBOOK,MANUALS MATHEMATICS MECHANICS STRENGTH OF MATERIALS MATERIALS-PROPERTIES,TREATMENT AND TESTING PLASTICS GAGING AND MEASURING TOOLING AND TOOLMAKING MACHINE ELEMENTS GEARS SPLINES CAMS MEASURING UNITS FASTENERS
Entry Topical Term
001 - CONTROL NUMBER
- control field: 78645
003 - CONTROL NUMBER IDENTIFIER
- control field: NUST
005 - DATE AND TIME OF LATEST TRANSACTION
- control field: 20210628210231.0
008 - FIXED-LENGTH DATA ELEMENTS
- fixed length control field: 210628|| aca||aabn | a|a d
040 ## - CATALOGING SOURCE
- Original cataloging agency: NUST
- Transcribing agency: NUST
150 ## - HEADING--TOPICAL TERM
- Topical term or geographic name entry element: MECHANICAL ENGINEERING-HANDBOOK,MANUALS MATHEMATICS MECHANICS STRENGTH OF MATERIALS MATERIALS-PROPERTIES,TREATMENT AND TESTING PLASTICS GAGING AND MEASURING TOOLING AND TOOLMAKING MACHINE ELEMENTS GEARS SPLINES CAMS MEASURING UNITS FASTENERS
670 ## - SOURCE DATA FOUND
- Source citation: Work cat.: (NUST): Jones, Franklin.D Green, Robert.E Oberg, Erik 78644, Machinery handbook, 1996
